000
00300nam a2200121Ia 4500
008
190216s9999||||xx |||||||||||||| ||und||
100
_a
Thomas Hardy
245
0
_a
Far From The Fadding Ground
260
_b
Sterling Publications
_c
1996
300
_a
110p
650
_a
English Literature
942
_c
BK
999
_c
13959
_d
13959